|
|
|
|
| LEADER |
02771nam a22003853i 4500 |
| 001 |
EBC5215387 |
| 003 |
MiAaPQ |
| 005 |
20240729202202.0 |
| 006 |
m o d | |
| 007 |
cr cnu|||||||| |
| 008 |
240729s2017 xx o ||||0 eng d |
| 020 |
|
|
|a 9789176854037
|q (electronic bk.)
|
| 035 |
|
|
|a (MiAaPQ)EBC5215387
|
| 035 |
|
|
|a (Au-PeEL)EBL5215387
|
| 035 |
|
|
|a (CaPaEBR)ebr11496486
|
| 035 |
|
|
|a (OCoLC)1020031323
|
| 040 |
|
|
|a MiAaPQ
|b eng
|e rda
|e pn
|c MiAaPQ
|d MiAaPQ
|
| 100 |
1 |
|
|a Ivanova, Valentina.
|
| 245 |
1 |
0 |
|a Fostering User Involvement in Ontology Alignment and Alignment Evaluation.
|
| 250 |
|
|
|a 1st ed.
|
| 264 |
|
1 |
|a Linköping :
|b Linkopings Universitet,
|c 2017.
|
| 264 |
|
4 |
|c {copy}2017.
|
| 300 |
|
|
|a 1 online resource (94 pages)
|
| 336 |
|
|
|a text
|b txt
|2 rdacontent
|
| 337 |
|
|
|a computer
|b c
|2 rdamedia
|
| 338 |
|
|
|a online resource
|b cr
|2 rdacarrier
|
| 490 |
1 |
|
|a Linköping Studies in Science and Technology. Dissertations Series ;
|v v.1891
|
| 505 |
0 |
|
|a Intro -- Abstract -- Acknowledgments -- Contents -- Introduction -- Motivation -- Ontologies -- Ontology Alignment -- Ontology Alignment Evaluation -- Research Questions -- Contributions -- Research Methods -- List of Publications -- Included Papers -- Other Publications -- Thesis Outline -- Background -- Ontologies -- Classification -- Applications -- Ontology Alignment -- Ontology Alignment Framework -- Ontology Alignment Evaluation -- Ontology Debugging -- Definitions -- Summary of Papers -- Related Work -- Ontology Alignment -- User Involvement in Ontology Alignment -- Ontology Alignment Evaluation -- Measures -- Tools & -- Frameworks -- Debugging of Ontology Networks -- Detecting and Repairing Missing Structure in Ontology Networks -- Semantic Defects in Ontology Alignments -- Information Visualization -- Visual Data Analysis and Exploration -- Large and High-Resolution Displays -- Navigation in Digital Environments -- Conclusions and Future Work -- Conclusions -- User Involvement during Ontology Alignment -- Ontology Alignment Evaluation -- Future Work -- Bibliography.
|
| 588 |
|
|
|a Description based on publisher supplied metadata and other sources.
|
| 590 |
|
|
|a Electronic reproduction. Ann Arbor, Michigan : ProQuest Ebook Central, 2024. Available via World Wide Web. Access may be limited to ProQuest Ebook Central affiliated libraries.
|
| 655 |
|
4 |
|a Electronic books.
|
| 776 |
0 |
8 |
|i Print version:
|a Ivanova, Valentina
|t Fostering User Involvement in Ontology Alignment and Alignment Evaluation
|d Linköping : Linkopings Universitet,c2017
|
| 797 |
2 |
|
|a ProQuest (Firm)
|
| 830 |
|
0 |
|a Linköping Studies in Science and Technology. Dissertations Series
|
| 856 |
4 |
0 |
|u https://ebookcentral.proquest.com/lib/matrademy/detail.action?docID=5215387
|z Click to View
|